Страны Африки менее чем за минуту - Statistics

General Stats
  • This quiz has been taken 596 times
  • The average score is 24 of 54
Answers on the Map
Answers color-coded by a green-red scale on the quiz's map according to % correct below.
 
Answer Stats
Страна % Correct
Алжир
91%
Египет
88%
Марокко
82%
Тунис
80%
Нигер
79%
Нигерия
74%
Чад
73%
Южно-Африканская Республика
73%
Ливия
71%
Мали
71%
Демократическая Республика Конго
70%
Судан
70%
Республика Конго
69%
Центрально-Африканская Республика
65%
Эфиопия
59%
Мавритания
56%
Сомали
56%
Ангола
48%
Гана
47%
Камерун
47%
Гвинея
46%
Того
46%
Мадагаскар
45%
Южный Судан
45%
Кения
42%
Сенегал
41%
Лесото
40%
Бенин
37%
Гамбия
37%
Замбия
36%
Танзания
36%
Эритрея
36%
Намибия
35%
Габон
33%
Уганда
31%
Джибути
30%
Зимбабве
30%
Мозамбик
30%
Ботсвана
29%
Эсватини
28%
Маврикий
27%
Гвинея-Бисау
26%
Малави
26%
Либерия
25%
Руанда
25%
Бурунди
24%
Кабо-Верде
24%
Кот-д'Ивуар
24%
Буркина-Фасо
22%
Сьерра-Леоне
19%
Сейшельские Острова
14%
Экваториальная Гвинея
14%
Коморы
13%
Сан-Томе и Принсипи
12%
No matching quizzes found
Score Distribution
Percent of People with Each Score
Percentile by Number Answered
Your Score History
You have not taken this quiz